1871 1801 1688 1632 1161 1873 1986 1872 1300 1834 1453 1405 1991 1780 1426 1093 1516 1373 1556 1148 1450 1875 1017 1109 1459 1373 1948 1053 1520 1798 1993 1244 1785 1712 1623 1058 1883 1508 1680 1217 1560 1051 1369 1446 1937 1836 1135 1438 1697 1260 1010 1392 1251 1793 1517 1069 1601 1585 1225 1860 1274 1091 1775 1328 1680 1791 1907 1584 1082 1088 1387 1677 1279 1960 1292 1667 1514 1975 1288 1760 1892 1660 1733 1956 1620 1416 1202 1997 1355 1987 1775 1213 1411 1576 1490 1668 1886 1179 1571 BCNSPRNW ULIB Ver.6.0+V

เปลี่ยนเป็นภาษาไทย

Change to English
 แสดงรายละเอียดบรรณานุกรม
  กลับหน้าหลัก

Brief Record : Get Marc (ISO 2709) : E-mail record : QR code < ปิดหน้าต่าง
LEADER : 00000nam 2200000uu 4500
001    13399123216
003     ULIB
008    020711s2551 th a 000 0 tha d
020    9789744263384
090    นว.^bภ682ข ล.2
100    ภูระริน จุปะมะตัง
245    ขอให้ฉันอยู่กับเธอตลอดไป เล่ม2/^cภูระริน จุปะมะตัง
250    พิมพ์ครั้งที่ 1
260    กรุงเทพฯ :^bเลมอน กรีน,^c2551
300    297 หน้า;^b21 ซม.
500    มี 2 เล่ม
710    เลมอน กรีน
945    ^p189^l0^i20352
999    ^aทศพร เกษรทอง
รายการนี้ยังไม่มีแท็ก
คุณยังไม่ได้ล็อกอิน คุณสามารถมีกิจกรรมร่วมกับเว็บไซต์ได้ แต่ต้องล็อกอินก่อน ::
  ล็อกอิน

รายการสื่อสารสนเทศ

ลำดับที่ ประเภท เลขเรียก/บาร์โค้ด สถานที่ สถานะ
1. นวนิยาย
นวนิยาย
นว. ภ682ข ล.2 ฉ.1 
  Barcode: 20352
ห้องสมุดวิทยาเขตนครสวรรค์
►นวนิยาย:l:Fiction
บนชั้น

รายการใกล้เคียง
    ผู้แต่ง [ภูระริน จุปะมะตัง]

BibComment


ยังไม่เคยถูกคอมเมนท์

คอมเมนท์ทรัพยากรรายการนี้
  คอมเมนท์: ขอให้ฉันอยู่กับเธ..


 Copyright 2026. Bcnsprnw @Library